Efektívnosť využívania ľudského kapitálu podnikoch
Identifikácia a porovnanie rôznych teoretických prístupov k meraniu efektívneho využívania ľudského kapitálu pre možnú implementáciu v podnikovej praxi.
Saved in:
| Main Author: | |
|---|---|
| Other Authors: | , , , , |
| Format: | Book Chapter |
| Language: | Slovak |
| Subjects: | |
| Tags: |
No Tags, Be the first to tag this record!
|
MARC
| LEADER | 00000naa a2200000 4500 | ||
|---|---|---|---|
| 001 | 0200400 | ||
| 005 | 20220718121359.7 | ||
| 041 | 0 | |a slo | |
| 044 | |a SK | ||
| 245 | 1 | 0 | |a Efektívnosť využívania ľudského kapitálu podnikoch |c Alžbeta Kucharčíková, Renáta Babišová, Katarína Bačinská, Ivana Grivalská, Jana Krištanová, Tomáš Vadovič |
| 520 | |a Identifikácia a porovnanie rôznych teoretických prístupov k meraniu efektívneho využívania ľudského kapitálu pre možnú implementáciu v podnikovej praxi. | ||
| 610 | 2 | 0 | |a efektívnosť ekonomická |
| 610 | 2 | 0 | |a podnik |
| 610 | 2 | 0 | |a kapitál ľudský |
| 610 | 2 | 0 | |a riadenie ľudských zdrojov |
| 100 | 1 | |a Kucharčíková, Alžbeta | |
| 700 | 1 | |a Babišová, Renáta | |
| 700 | 1 | |a Bačinská, Katarína | |
| 700 | 1 | |a Grivalská, Ivana | |
| 700 | 1 | |a Krištanová, Jana | |
| 700 | 1 | |a Vadovič, Tomáš | |